000 00418nam a22001817a 4500
003 MPLRDC
005 20220104113853.0
008 210129b ||||| |||| 00| 0 eng d
082 _a868.2 ZY-4 c.2
100 _a曾焰著
245 _a苍天漠漠
_c
250 _a二版一刷
260 _a
_b时报出版公司
_c1989
300 _b
490 _a人间丛书;63
650 _a
942 _cBK
_o868.2 ZY-4 c.2
999 _c3004
_d2994